| 000 | 00989nam a2200277Ia 4500 | ||
|---|---|---|---|
| 003 | OSt | ||
| 005 | 20221005104452.0 | ||
| 006 | a|||||r|||| 00| 0 | ||
| 007 | ta | ||
| 008 | 221004b |||||||| |||| 00| 0 hin d | ||
| 020 |
_a9788181665133 (hbk) _cIndian Rupees 150 |
||
| 024 | _a35600 | ||
| 037 |
_bGift, 01/02/2018, _cTextual |
||
| 040 |
_aCRL _cCRL _bhin |
||
| 041 |
_2hin _ahin |
||
| 082 | _aO152,1N66x, Q5 | ||
| 100 | _aमिश्र, विनय, ले. | ||
| 245 | 0 | _aसूरज तो अपने हिसाब से निकलेगा | |
| 246 | _aSūraj to apane hisāb se nikalegā | ||
| 260 |
_aदिल्ली _bमेधा बुक्स भारत _c2015 |
||
| 300 |
_a96पृ0 _ccm. |
||
| 650 | _a हिन्दी साहित्य | ||
| 650 | _aहिन्दी कविता | ||
| 942 |
_hO152,1N66x, Q5 _cTEXL _2cc |
||
| 999 |
_c1012802 _d1012802 |
||